00522nam a22001697a 4500003001100000005001700011008004100028040003900069041000800108082001600116100002100132245005200153260003300205300004100238650004100279650003200320LK-CoMWRAF20231211125836.0231211b1990 |||||||| |||| 00| 0 eng d aLK-CoMWRAFdLK-CoMWRAFeLK-CoMWRAF aeng a305.42bSHA aShaheed, Farida  a Pakistan's women :b an analytical description aShirkat Gah:bLahore, c1990 a77 p. ; 21 cmbBibliography included aWomen- Pakistan- Societies and clubs aSocial conditions-Pakistan